| 000 | 00793cam a22002655a 4500 | ||
|---|---|---|---|
| 001 | ocm48932542 | ||
| 003 | OCoLC | ||
| 005 | 20201128024203.0 | ||
| 008 | 020128t2002 enk d 000 0 eng | ||
| 020 | _a9780192803511 | ||
| 040 |
_beng _dEG-ScBUE |
||
| 082 | 0 | 4 |
_a641.03 _222 _bAYT |
| 100 | 1 |
_aAyto, John. _92021 |
|
| 245 | 1 |
_aAn A-Z of food and drink / _cJohn Ayto, Alan Davidson. |
|
| 260 |
_aOxford ; _aNew York : _bOxford University Press, _c2002. |
||
| 300 |
_axii, 375 p. ; _c20 cm. |
||
| 530 | _aAlso available online via the World Wide Web. | ||
| 590 | _aSuzan Ashmawy | ||
| 650 | 7 |
_aFood _vDictionaries. _2BUEsh |
|
| 650 | 7 |
_aBeverages _vDictionaries. _2BUEsh |
|
| 650 | 7 |
_aCooking _vDictionaries. _2BUEsh _919339 |
|
| 651 | _2BUEsh | ||
| 700 | 1 | _aDavidson, Alan. | |
| 942 | _2ddc | ||
| 999 |
_c25621 _d25593 |
||